000 00681nam a2200289Ia 4500
005 20260324133759.0
008 008 260324s9999 xx 000 0 eng d
020 _a9781315199207
037 _aEBOOK
040 _aCRL
040 _beng
040 _cCRL
041 _2eng
041 _aeng
084 _qCRL
100 _aCaroline van Eck
_91194368
245 0 _aBritish Architectural Theory 1540-1750
245 3 _bAn Anthology of Texts
260 _bTaylor and Francis
260 _c2003
365 _a
365 _b180
856 _uhttp://www.taylorfrancis.com/books/9781315199207
942 _cEBOOK
999 _c1793772
_d1793772